<?xml version="1.0" encoding="UTF-8"?>
<collection xmlns="http://www.loc.gov/MARC21/slim">
 <record>
  <leader>00547nam a22001695a 4500</leader>
  <controlfield tag="001">EHU.bham023743</controlfield>
  <controlfield tag="003">AR-BHAM</controlfield>
  <controlfield tag="005">20110222133508.0</controlfield>
  <controlfield tag="008">130507s1935##################000#0#####d</controlfield>
  <datafield tag="082" ind1="8" ind2="9">
   <subfield code="a">895.61</subfield>
  </datafield>
  <datafield tag="100" ind1="1" ind2=" ">
   <subfield code="a">Bonneau, Georges</subfield>
  </datafield>
  <datafield tag="245" ind1="1" ind2="0">
   <subfield code="a">Le haiku :</subfield>
   <subfield code="b">collection japonaise pour la presentation de textes poetiques /</subfield>
   <subfield code="c">Georges Bonneau</subfield>
  </datafield>
  <datafield tag="260" ind1=" " ind2=" ">
   <subfield code="a">Paris :</subfield>
   <subfield code="b">Librairie Orientaliste Paul Geuthner,</subfield>
   <subfield code="c">1935</subfield>
  </datafield>
  <datafield tag="300" ind1=" " ind2=" ">
   <subfield code="a">59 p.</subfield>
  </datafield>
  <datafield tag="653" ind1=" " ind2=" ">
   <subfield code="a">Haiku</subfield>
  </datafield>
  <datafield tag="653" ind1=" " ind2=" ">
   <subfield code="a">Poesia japonesa</subfield>
  </datafield>
  <datafield tag="859" ind1=" " ind2=" ">
   <subfield code="a">AR-BHAM</subfield>
   <subfield code="b">BIB. HUMANIDADES - General</subfield>
   <subfield code="h">895.61</subfield>
   <subfield code="i">B642-2</subfield>
   <subfield code="p">577.64</subfield>
   <subfield code="t">Ej.1</subfield>
  </datafield>
 </record>
</collection>
